La relajación (Record no. 126183)

MARC details
000 -LEADER
campo de control de longitud fija 00845nam a2200229 i 4500
001 - NÚMERO DE CONTROL
campo de control 126183
003 - IDENTIFICADOR DE NÚMERO DE CONTROL
campo de control ES-MaACL
005 - FECHA Y HORA DE LA ÚLTIMA TRANSACCIÓN
campo de control 20230906192754.0
007 - CAMPO FIJO DE DESCRIPCIÓN FÍSICA--INFORMACIÓN GENERAL
campo de control de longitud fija t|
008 - DATOS DE LONGITUD FIJA--INFORMACIÓN GENERAL
campo de control de longitud fija 070214s1960 sp |||| | spa d
080 ## - NÚMERO DE LA CLASIFICACIÓN DECIMAL UNIVERSAL
Número de la Clasificación Decimal Universal 616:159.9
245 03 - MENCIÓN DEL TÍTULO
Título La relajación
Resto del título : aspectos teóricos y prácticos /
Mención de responsabilidad, etc. Chertok... [et al.] ; versión... por los Dres. A. Fernández y R. Thomas Mendaza, de la segunda edición francesa, publicada bajo la dirección de los Sres. P. Abonlker, L. Chertok, M. Sapir.
260 ## - PUBLICACIÓN, DISTRIBUCIÓN, ETC.
Lugar de publicación, distribución, etc. Madrid :
Nombre del editor, distribuidor, etc. Cultura Clásica Moderna,
Fecha de publicación, distribución, etc. 1960.
300 ## - DESCRIPCIÓN FÍSICA
Extensión 203 p. ;
Dimensiones 23 cm.
650 #4 - PUNTO DE ACCESO ADICIONAL DE MATERIA--TÉRMINO DE MATERIA
Término de materia o nombre geográfico como elemento de entrada Relajación.
9 (RLIN) 149364
700 1# - ENTRADA AGREGADA--NOMBRE PERSONAL
Nombre de persona Chertok, Leon.
9 (RLIN) 165268
700 1# - ENTRADA AGREGADA--NOMBRE PERSONAL
Nombre de persona Fernández, A.
9 (RLIN) 49326
700 1# - ENTRADA AGREGADA--NOMBRE PERSONAL
Nombre de persona Thomas Mendaza, Rafael.
9 (RLIN) 110054
700 1# - ENTRADA AGREGADA--NOMBRE PERSONAL
Nombre de persona Abonlker, P.
9 (RLIN) 18111
700 1# - ENTRADA AGREGADA--NOMBRE PERSONAL
Nombre de persona Sapir, M.
9 (RLIN) 103721
852 ## - LOCALIZACIÓN
Ubicación ES-MaACL
Número de control de estantería C-18245
Holdings
Estatus retirado Estado de pérdida Estado de daño No para préstamo Biblioteca de origen Biblioteca actual Ubicación en estantería Fecha de adquisición Fuente de adquisición Total de préstamos Signatura topográfica completa Código de barras Visto por última vez Precio de reemplazo Tipo de ítem Koha
        Biblioteca del Ateneo de Madrid Biblioteca del Ateneo de Madrid Galería 17/01/2008     C-18245 1131432 23/02/2023 23/02/2023 Libro impreso